000 01109nam a2200265Ia 4500
003 OSt
005 20221005110641.0
006 a|||||r|||| 00| 0
007 ta
008 221004b |||||||| |||| 00| 0 hin d
020 _a9788126718337 (hbk)
_c425
024 _a12034
037 _bBR8015, 13/03/2014, Rajkamal Prakashan Pvt. Ltd.
_cTextual
040 _aCRL
_cCRL
_bhin
041 _2hin
_ahin
082 _aO152,1I00:g, Q0;Q4
100 _aअग्रवाल, पुरूषोत्तम
245 0 _aअकथ कहानी प्रेम की
_b कबीर की कविता और उनका समय
246 _aAkath kahānī prem kī: kabīr kī kavitā aur unakā samaya
260 _aनई दिल्ली
_bराजकमल प्रकाशन भारत
_c2014
300 _a455पृ0
_ccm.
650 _aहिन्दी साहित्य
942 _hO152,1I00:g, Q0;Q4
_cTEXL
_2cc
999 _c1019475
_d1019475